دستک : (Record no. 107409)

MARC details
000 -LEADER
fixed length control field 00880nam a22002537a 4500
005 - DATE AND TIME OF LATEST TRANSACTION
control field 20170123162325.0
010 ## - LIBRARY OF CONGRESS CONTROL NUMBER
LC control number A-941192
020 ## - INTERNATIONAL STANDARD BOOK NUMBER
Terms of availability 80.00
035 ## - SYSTEM CONTROL NUMBER
System control number A-941192
037 ## - SOURCE OF ACQUISITION
Source of stock number/acquisition Cen Lib/Ret
040 ## - CATALOGING SOURCE
Original cataloging agency DPL
Language of cataloging UR
082 ## - DEWEY DECIMAL CLASSIFICATION NUMBER
Classification number 841
Item number ا خ ت
100 ## - MAIN ENTRY--PERSONAL NAME
Personal name اختر شاہجہانپوری
9 (RLIN) 111151
245 ## - TITLE STATEMENT
Title دستک :
Statement of responsibility, etc اختر شاہجہانپوری
Remainder of title شاعری مجمع /
246 ## - VARYING FORM OF TITLE
Title proper/short title Dastak : shairi majmua /
Remainder of title by Akhtar Shahjahanpuri
260 ## - PUBLICATION, DISTRIBUTION, ETC. (IMPRINT)
Place of publication, distribution, etc نیی دہلی
Name of publisher, distributor, etc تخلیق کار پبلیکیشنز
Date of publication, distribution, etc 1998
270 ## - ADDRESS
Address ١٧٧٩، کوچہ دکھنی ری دریاگنج
City نیی دہلی
Postal code 110002
300 ## - PHYSICAL DESCRIPTION
Extent 200p.
Dimensions 21cm(Hb)
650 ## - SUBJECT ADDED ENTRY--TOPICAL TERM
Topical term or geographic name as entry element ادب - اردو
9 (RLIN) 143037
650 ## - SUBJECT ADDED ENTRY--TOPICAL TERM
Topical term or geographic name as entry element اردو نظم
9 (RLIN) 143038
650 ## - SUBJECT ADDED ENTRY--TOPICAL TERM
Topical term or geographic name as entry element Literature -- Urdu
9 (RLIN) 143039
650 ## - SUBJECT ADDED ENTRY--TOPICAL TERM
Topical term or geographic name as entry element Urdu poetry
9 (RLIN) 143040
942 ## - ADDED ENTRY ELEMENTS (KOHA)
Source of classification or shelving scheme Dewey Decimal Classification
Koha item type Urdu Bks
Classification part 841
Call number suffix ا خ ت
Holdings
Withdrawn status Lost status Damaged status Not for loan Home library Current library Date acquired Source of acquisition Cost, normal purchase price Total Checkouts Full call number Barcode Date last seen Copy number Cost, replacement price Price effective from Koha item type
        Central Library Central Library 07/01/2016 Cen Lib/Ret 80.00   841 ا خ ت A-941192 07/01/2016 1 80.00 15/09/2016 Urdu Bks

© Delhi Public Library
Hit Counter
free hit counter